Clubes Campeões da Sul-Americana - Statistics

Estatísticas Gerais
  • Esse quiz foi jogado 393 vezes
  • A pontuação média é 19 de 32
Estatísticas das Respostas
Time
% Correto
São Paulo
95%
Boca Juniors
90%
Athletico Paranaense
89%
River Plate
86%
Independiente
84%
Internacional
84%
Chapecoense
80%
Flamengo
80%
LDU Quito
80%
Atlético Nacional
78%
Fluminense
68%
Independiente del Valle
68%
Lanús
67%
Red Bull Bragantino
65%
San Lorenzo
61%
Estudiantes de La Plata
56%
Goiás
56%
Ponte Preta
55%
Defensa y Justicia
54%
Colo-Colo
51%
Tigre
47%
Cienciano
45%
América do México
41%
Universidad de Chile
41%
Pachuca
40%
Junior Barranquilla
39%
Bolívar
35%
Colón
35%
Santa Fe
31%
Huracán
27%
Arsenal de Sarandí
26%
Pumas UNAM
17%
Nenhum quiz correspondente encontrado
Distribuição das Pontuações
Porcentagem de Pessoas com Cada Pontuação
Percentil de Números Respondidos
Sua Pontuação Histórica
Você não jogou esse quiz